| 000 | 01056cam a22003012 4500 | ||
|---|---|---|---|
| 001 | 19309 | ||
| 003 | BD-RjUL | ||
| 005 | 20211209000420.0 | ||
| 008 | 140223t1952 nyuac b 001 0 eng | ||
| 035 | _a(BD-RjUL)19368 | ||
| 040 |
_aDLC _cDZM _dSER _dEQO _dBD-RjUL _beng |
||
| 041 | _aeng | ||
| 082 | 0 | 0 |
_a661.2 _bVAS 1952 |
| 100 | 1 |
_aVail, James Garrett, _d1886-1951. _959394 |
|
| 245 | 1 | 0 |
_aSoluble silicates : _btheir properties and uses / _cby James G. Vail assisted by John H. Willis and the staff of Phiadelphia Quartz Co. _nVolume-2 _pTechnology |
| 260 |
_aNew York : _bReinhold, _cc1952. |
||
| 300 |
_aV-2 (xxi 669 p.) : _billus., port. ; _c24 cm. |
||
| 490 | 1 |
_aAmerican Chemical Society. Monograph series, _vno. 116 |
|
| 500 | _aBibliographical footnotes. | ||
| 504 | _aincludes index. | ||
| 505 | 0 | _av. 1. Chemistry.--v. 2. Technology. | |
| 650 | 0 |
_aSilicates. _931866 |
|
| 830 | 0 |
_vno. 116. _961413 |
|
| 830 | 0 |
_aMonograph series (American Chemical Society) ; _930083 |
|
| 942 |
_2ddc _cBK |
||
| 999 |
_c19309 _d19309 |
||